Biggest World Cities within 1,000 Km or less - Statistics

General Stats
  • This quiz has been taken 1,068 times
  • The average score is 193 of 371
Answers on the Map
Answers color-coded by a green-red scale on the quiz's map according to % correct below.
 
Answer Stats
Lat Lon Country Pop Dist to larger City % Correct
40.74997906 -73.98001693 United States 22,000,000 3,360 New York
90%
51.49999473 -0.116721844 United Kingdom 14,400,000 2,508 London
89%
33.98997825 -118.1799805 United States 17,600,000 2,479 Los Angeles
89%
19.44244244 -99.1309882 Mexico 22,100,000 11,319 Mexico City
88%
25.7876107 -80.22410608 United States 6,100,000 1,484 Miami
88%
47.57000205 -122.339985 United States 4,075,000 1,092 Seattle
88%
30.04996035 31.24996822 Egypt 16,800,000 2,899 Cairo
87%
41.82999066 -87.75005497 United States 9,800,000 1,158 Chicago
87%
40.40002626 -3.683351686 Spain 6,250,000 1,054 Madrid
87%
48.86669293 2.333335326 France 11,200,000 341 Paris
87%
32.82002382 -96.84001693 United States 6,550,000 1,282 Dallas
86%
29.81997438 -95.33997929 United States 6,200,000 361 Houston
86%
55.75216412 37.61552283 Russia 16,900,000 4,177 Moscow
86%
37.74000775 -122.4599777 United States 7,600,000 567 San Francisco
86%
41.38329958 2.183370319 Spain 4,650,000 506 Barcelona
85%
42.32996014 -71.07001367 United States 7,350,000 299 Boston
85%
-34.60250161 -58.39753137 Argentina 15,800,000 1,674 Buenos Aires
85%
23.13195884 -82.36418217 Cuba 2,225,000 365 Havana
85%
59.91669029 10.74997921 Norway 1,140,000 419 Oslo
85%
41.89595563 12.48325842 Italy 3,600,000 188 Rome
85%
35.68501691 139.7514074 Japan 39,500,000 2,903 Tokyo
85%
43.69997988 -79.42002079 Canada 7,100,000 541 Toronto
85%
37.98332623 23.73332108 Greece 3,425,000 570 Athens
84%
52.52181866 13.40154862 Germany 4,500,000 450 Berlin
84%
4.596423563 -74.08334396 Colombia 9,350,000 1,869 Bogotá
84%
41.10499615 29.01000159 Turkey 14,300,000 1,243 Istanbul
84%
-12.04801268 -77.05006209 Peru 9,950,000 3,130 Lima
84%
38.72272288 -9.144866305 Portugal 2,600,000 504 Lisbon
84%
-22.92502317 -43.22502079 Brazil 12,700,000 354 Rio de Janeiro
84%
-33.92001097 151.1851798 Australia 4,900,000 5,380 Sydney
84%
33.83001385 -84.39994938 United States 5,500,000 869 Atlanta
83%
-33.92001097 18.43498816 South Africa 4,125,000 1,261 Cape Town
83%
28.6699929 77.23000403 India 26,400,000 3,654 Delhi
83%
60.17556337 24.93412634 Finland 1,230,000 300 Helsinki
83%
59.93901451 30.31602006 Russia 5,450,000 635 Saint Petersburg
83%
-33.45001382 -70.66704085 Chile 7,050,000 1,139 Santiago
83%
-23.55867959 -46.62501998 Brazil 21,800,000 7,423 São Paulo
83%
39.73918805 -104.984016 United States 3,525,000 934 Denver
82%
-26.17004474 28.03000972 South Africa 13,400,000 4,483 Johannesburg
82%
-31.95501463 115.8399987 Australia 2,075,000 2,729 Perth
82%
33.53997988 -112.0699917 United States 4,325,000 568 Phoenix
82%
41.15000633 -8.620001263 Portugal 1,190,000 273 Porto
82%
15.3547333 44.20659338 Yemen 2,475,000 861 Sana'a
82%
59.35075995 18.09733473 Sweden 2,075,000 691 Stockholm
82%
39.92889223 116.3882857 China 21,100,000 958 Beijing
81%
10.50099855 -66.91703719 Venezuela 3,700,000 1,025 Caracas
81%
55.67856419 12.56348575 Denmark 1,610,000 289 Copenhagen
81%
55.87440472 -4.250707236 United Kingdom 1,620,000 284 Glasgow
81%
-6.174417705 106.8294376 Indonesia 28,100,000 3,319 Jakarta
81%
36.20999778 -115.2200061 United States 2,075,000 365 Las Vegas
81%
45.4699752 9.20500891 Italy 5,150,000 643 Milan
81%
8.96801719 -79.53303715 Panama 1,460,000 511 Panama City
81%
36.80277814 10.1796781 Tunisia 2,500,000 570 Tunis
81%
38.89954938 -77.00941858 United States 8,350,000 330 Washington
81%
36.7630648 3.05055253 Algeria 3,675,000 518 Algiers
80%
39.92723859 32.86439164 Turkey 4,675,000 351 Ankara
80%
-36.850013 174.7649808 New Zealand 1,470,000 2,161 Auckland
80%
42.32996014 -83.08005579 United States 5,700,000 334 Detroit
80%
21.30687644 -157.8579979 United States 1,000,000 3,852 Honolulu
80%
50.43336733 30.51662797 Ukraine 3,375,000 758 Kiev
80%
53.50041526 -2.247987103 United Kingdom 3,000,000 116 Manchester
80%
14.60415895 120.9822172 Philippines 23,300,000 1,242 Manila
80%
-37.82003131 144.9750162 Australia 4,400,000 708 Melbourne
80%
19.01699038 72.8569893 India 23,200,000 887 Mumbai
80%
40.84002525 14.24501135 Italy 4,250,000 657 Naples
80%
39.99997316 -75.16999597 United States 7,300,000 130 Philadelphia
80%
35.67194277 51.42434403 Iran 13,700,000 1,913 Tehran
80%
52.25000063 20.99999955 Poland 2,275,000 260 Warsaw
80%
31.20001935 29.94999589 Egypt 5,150,000 178 Alexandria
79%
61.21806 -149.90028 United States 291,826 2,134 Anchorage
79%
33.59997622 -7.616367433 Morocco 4,175,000 831 Casablanca
79%
6.443261653 3.391531071 Nigeria 17,100,000 6,366 Lagos
79%
45.49999921 -73.58329696 Canada 4,100,000 405 Montréal
79%
32.82002382 -117.1799899 United States 3,275,000 159 San Diego
79%
31.21645245 121.4365047 China 30,900,000 1,201 Shanghai
79%
33.3386485 44.39386877 Iraq 6,850,000 695 Baghdad
78%
13.74999921 100.5166447 Thailand 16,900,000 1,533 Bangkok
78%
-15.78334023 -47.91605229 Brazil 3,825,000 623 Brasília
78%
47.50000633 19.08332068 Hungary 2,575,000 690 Budapest
78%
25.22999615 55.27997432 United Arab Emirates 3,925,000 855 Dubai
78%
-0.214988181 -78.50005111 Ecuador 2,550,000 272 Quito
78%
24.64083315 46.77274166 Saudi Arabia 6,700,000 991 Riyadh
78%
44.4333718 26.09994665 Romania 2,200,000 439 Bucharest
77%
14.62113466 -90.52696558 Guatemala 3,000,000 1,059 Guatemala City
77%
-16.49797361 -68.14998519 Bolivia 1,890,000 1,078 La Paz
77%
29.99500246 -90.03996688 United States 1,010,000 512 New Orleans
77%
18.5410246 -72.33603459 Haiti 2,850,000 257 Port-au-Prince
77%
9.033310363 38.70000443 Ethiopia 3,475,000 987 Addis Ababa
76%
53.55002464 9.999999144 Germany 2,750,000 255 Hamburg
76%
44.97997927 -93.25178634 United States 3,050,000 566 Minneapolis
76%
53.89997744 27.56662716 Belarus 1,960,000 435 Minsk
76%
28.50997683 -81.38003036 United States 3,075,000 122 Orlando
76%
34.75003522 135.4601448 Japan 17,800,000 404 Osaka
76%
32.89250002 13.18001176 Libya 1,110,000 513 Tripoli
76%
-1.283346742 36.81665686 Kenya 5,200,000 667 Nairobi
75%
50.08333701 14.46597978 Czech Republic 1,470,000 251 Prague
75%
37.5663491 126.999731 South Korea 24,400,000 870 Seoul
75%
42.68334943 23.31665401 Bulgaria 1,330,000 297 Sofia
75%
27.94698793 -82.45862085 United States 4,025,000 326 Tampa
75%
51.08299176 -114.0799982 Canada 1,420,000 675 Calgary
74%
33.500034 36.29999589 Syria 3,475,000 612 Damascus
74%
23.72305971 90.40857947 Bangladesh 17,600,000 1,425 Dhaka
74%
53.55002464 -113.4999819 Canada 1,270,000 277 Edmonton
74%
10.78002545 106.6950272 Vietnam 8,250,000 748 Ho Chi Minh City
74%
-4.329724102 15.31497188 Democratic Republic of the Congo 10,600,000 1,781 Kinshasa
74%
29.36971763 47.97830115 Kuwait 4,150,000 537 Kuwait City
74%
45.77000856 4.830030475 France 1,930,000 342 Lyon
74%
43.28997906 5.37501013 France 1,640,000 269 Marseille
74%
9.93501243 -84.08405135 Costa Rica 1,840,000 871 San José
74%
18.47007285 -69.90008508 Dominican Republic 3,650,000 938 Santo Domingo
74%
14.71583173 -17.47313013 Senegal 3,300,000 1,800 Dakar
73%
-6.800012595 39.26834184 Tanzania 5,300,000 2,453 Dar es Salaam
73%
50.09997683 8.67501542 Germany 3,125,000 153 Frankfurt
73%
23.1449813 113.3250101 China 47,700,000 40,000 Guangzhou
73%
15.58807823 32.53417924 Sudan 5,550,000 1,606 Khartoum
73%
22.4949693 88.32467566 India 16,000,000 253 Kolkata
73%
51.9199691 4.479974323 Netherlands 3,100,000 182 Rotterdam
73%
40.7750163 -111.9300519 United States 2,300,000 601 Salt Lake City
73%
37.40501528 -5.980007366 Spain 1,320,000 313 Seville
73%
1.293033466 103.8558207 Singapore 6,900,000 316 Singapore
73%
-34.93498777 138.6000048 Australia 1,300,000 655 Adelaide
72%
52.47497398 -1.919996787 United Kingdom 3,125,000 164 Birmingham
72%
-27.45503091 153.0350927 Australia 2,900,000 738 Brisbane
72%
24.86999229 66.99000891 Pakistan 24,300,000 1,101 Karachi
72%
64.13548 -21.89541 Iceland 118,918 1,325 Reykjavik
72%
25.03583333 121.5683333 Taiwan 9,050,000 358 Taipei
72%
-25.29640298 -57.64150517 Paraguay 2,200,000 825 Asunción
71%
44.81864545 20.46799068 Serbia 1,400,000 316 Belgrade
71%
22.3049809 114.1850093 China 7,250,000 128 Hong Kong
71%
34.51669029 69.18326005 Afghanistan 3,725,000 370 Kabul
71%
3.166665872 101.6999833 Malaysia 7,000,000 1,006 Kuala Lumpur
71%
2.066681334 45.36667761 Somalia 1,720,000 1,021 Mogadishu
71%
-18.91663735 47.5166239 Madagascar 2,225,000 1,610 Antananarivo
70%
6.931965758 79.85775061 Sri Lanka 4,675,000 682 Colombo
70%
20.67001609 -103.3300342 Mexico 4,975,000 459 Guadalajara
70%
21.03332725 105.8500142 Vietnam 2,950,000 322 Hanoi
70%
-8.838286114 13.23442704 Angola 6,800,000 549 Luanda
70%
39.48501752 -0.400012046 Venezuela 1,930,000 298 Valencia
70%
5.550034606 -0.21671574 Ghana 4,575,000 411 Accra
69%
31.95002525 35.93329993 Jordan 3,350,000 175 Amman
68%
40.39527203 49.86221716 Azerbaijan 2,450,000 541 Baku
68%
13.08998781 80.27999874 India 10,000,000 295 Chennai
67%
23.61332481 58.59331213 Oman 1,180,000 380 Muscat
67%
47.9166734 106.9166158 Mongolia 1,300,000 839 Ulaanbaatar
67%
9.083333149 7.533328002 Nigeria 2,825,000 340 Abuja
66%
39.10708851 -94.60409422 United States 1,920,000 382 Kansas City
66%
31.55997154 74.35002478 Pakistan 10,200,000 423 Lahore
66%
36.16997438 -86.77998499 United States 1,360,000 338 Nashville
66%
6.275003274 -75.57501001 Colombia 3,800,000 248 Medellín
65%
35.47004295 -97.51868351 United States 1,090,000 300 Oklahoma City
65%
38.63501772 -90.23998051 United States 2,350,000 413 Saint Louis
65%
-22.55941 17.08323 Namibia 268,132 1,141 Windhoek
65%
35.20499453 -80.83003809 United States 2,275,000 361 Charlotte
64%
-29.865013 30.98001054 South Africa 3,225,000 501 Durban
64%
21.51688946 39.21919755 Saudi Arabia 4,225,000 847 Jeddah
64%
12.15301658 -86.26849166 Nicaragua 1,340,000 342 Managua
64%
-3.100031719 -60.00001754 Brazil 2,075,000 1,294 Manaus
64%
35.1199868 -89.99999516 United States 1,150,000 314 Memphis
64%
25.66999514 -100.3299848 Mexico 4,650,000 633 Monterrey
64%
-9.44314 147.17972 Papua New Guinea 283,733 2,086 Port Moresby
64%
29.48733319 -98.50730534 United States 2,050,000 308 San Antonio
64%
41.4699868 -81.69499821 United States 3,075,000 149 Cleveland
63%
0.316658955 32.58332353 Uganda 3,025,000 503 Kampala
63%
-15.41664427 28.28332759 Zambia 2,275,000 396 Lusaka
63%
46.4900163 30.71000118 Ukraine 1,110,000 391 Odessa
63%
12.96999514 77.56000972 India 10,500,000 837 Bangalore
62%
44.85001304 -0.595013063 France 1,010,000 437 Bordeaux
62%
-17.81778969 31.04470943 Zimbabwe 2,325,000 975 Harare
62%
17.39998313 78.47995357 India 9,000,000 500 Hyderabad
62%
27.71669191 85.31664221 Nepal 2,775,000 446 Kathmandu
62%
-8.075645326 -34.91560551 Brazil 3,775,000 1,630 Recife
62%
34.27502545 108.8949963 China 6,650,000 565 Xi'an
62%
38.43614968 27.15179401 Turkey 2,950,000 303 Izmir
61%
43.07497927 141.3400443 Japan 2,500,000 831 Sapporo
61%
40.18115074 44.51355139 Armenia 1,480,000 279 Yerevan
61%
12.65001467 -8.000039105 Mali 2,950,000 920 Bamako
60%
-25.95527749 32.58916296 Mozambique 2,200,000 456 Maputo
60%
18.44002301 -66.12997929 United States 2,150,000 398 San Juan
60%
-19.91502602 -43.91500452 Brazil 4,925,000 340 Belo Horizonte
59%
6.31055666 -10.80475163 Liberia 1,340,000 359 Monrovia
59%
41.31170188 69.29493282 Uzbekistan 2,650,000 754 Tashkent
59%
49.8844 -97.14704 Canada 632,063 619 Winnipeg
58%
3.399959126 -76.49996647 Colombia 2,925,000 299 Cali
57%
39.16188479 -84.45692265 United States 2,725,000 347 Cincinnati
57%
4.85165 31.58247 South Sudan 300,000 513 Juba
57%
5.319996967 -4.04004826 Côte d'Ivoire 5,050,000 832 Abidjan
56%
36.22997072 37.1700203 Syria 2,125,000 313 Aleppo
56%
9.531522846 -13.68023503 Guinea 2,225,000 706 Conakry
56%
-1.953590069 30.06053178 Rwanda 1,000,000 376 Kigali
56%
12.11309654 15.04914831 Chad 1,210,000 710 Ndjamena
56%
13.51670595 2.116656045 Niger 1,120,000 414 Niamey
56%
-12.9699719 -38.47998743 Brazil 3,650,000 667 Salvador
56%
51.53 7.04 Germany 5,600,000 447 The Ruhr
56%
30.58003135 114.270017 China 8,000,000 567 Wuhan
56%
16.7833541 96.16667761 Burma 5,150,000 575 Yangon
56%
-1.450003236 -48.48002303 Brazil 2,150,000 1,129 Belém
55%
35.09505292 129.0100476 South Korea 4,275,000 328 Busan
55%
35.15499758 136.9149914 Japan 10,400,000 140 Nagoya
55%
23.03005292 72.58000362 India 7,450,000 445 Ahmedabad
54%
44.64533 -63.57239 Canada 359,111 641 Halifax
54%
12.37031598 -1.524723756 Burkina Faso 2,100,000 628 Ouagadougou
54%
43.80501223 87.57500565 China 3,625,000 1,692 Ürümqi
54%
43.32498985 76.91503617 Kazakhstan 1,770,000 666 Almaty
53%
4.366644306 18.55828813 Central African Republic 1,060,000 783 Bangui
53%
30.67000002 104.0700195 China 9,600,000 1,240 Chengdu
53%
-13.98329507 33.78330196 Malawi 1,070,000 515 Lilongwe
53%
-20.16194 57.49889 Mauritius 155,226 880 Port Louis
53%
-30.05001463 -51.20001205 Brazil 4,075,000 844 Porto Alegre
53%
-3.750017884 -38.57998132 Brazil 3,575,000 627 Fortaleza
52%
18.08642702 -15.97534041 Mauritania 1,060,000 405 Nouakchott
52%
-18.14161 178.44149 Fiji 77,366 1,332 Suva
52%
-2.220033754 -79.92004195 Ecuador 3,000,000 994 Guayaquil
51%
24.49998903 39.5800024 Saudi Arabia 1,340,000 332 Medina
51%
-33.97003375 25.60002885 South Africa 1,210,000 662 Port Elizabeth
51%
39.13002626 117.2000191 China 11,400,000 112 Tianjin
51%
24.44999208 118.080017 China 10,000,000 505 Xiamen
51%
48.00000165 37.82998002 Ukraine 1,470,000 250 Donetsk
50%
11.99997683 8.5200378 Nigeria 4,125,000 833 Kano
50%
55.02996014 82.96004187 Russia 1,650,000 1,291 Novosibirsk
50%
56.85002993 60.59995967 Russia 1,600,000 1,018 Yekaterinburg
49%
-31.39995807 -64.18229456 Argentina 1,620,000 646 Córdoba
48%
45.74998395 126.6499849 China 5,150,000 508 Harbin
48%
49.99998293 36.25002478 Ukraine 1,650,000 411 Kharkiv
47%
-4.040026022 39.68991817 Kenya 1,120,000 308 Mombasa
47%
68.97917 33.09251 Russia 319,263 593 Murmansk
47%
48.71000999 44.49996049 Russia 1,410,000 500 Volgograd
47%
22.32999229 91.79996741 Bangladesh 4,525,000 210 Chittagong
46%
18.53001752 73.85000362 India 6,100,000 117 Pune
46%
-7.249235821 112.7508333 Indonesia 4,700,000 573 Surabaya
46%
29.56497703 106.5949816 China 7,050,000 272 Chongqing
45%
-13.83333 -171.76666 Samoa 40,407 1,151 Apia
44%
32.11486 20.06859 Libya 650,629 652 Benghazi
44%
56.33300722 44.00009436 Russia 1,760,000 402 Nizhny Novgorod
44%
50.26038047 19.02001705 Poland 2,375,000 307 Katowice
42%
32.05001914 118.7799743 China 6,850,000 239 Nanjing
42%
54.98998842 73.39995357 Russia 1,180,000 611 Omsk
42%
35.71000246 -0.61997278 Algeria 1,340,000 350 Oran
41%
10.31997601 123.9000752 Philippines 2,275,000 570 Cebu
40%
-4.61667 55.45 Seychelles 22,881 1,085 Victoria
40%
26.92113324 75.80998734 India 3,525,000 239 Jaipur
39%
10.72997683 -71.65997766 Venezuela 2,475,000 519 Maracaibo
39%
-25.420013 -49.3199976 Brazil 3,275,000 342 Curitiba
38%
-9.43333 159.95 Solomon Islands 56,298 1,402 Honiara
38%
-17.75391762 -63.22599634 Bolivia 1,860,000 542 Santa Cruz
38%
-6.950029278 107.5700126 Indonesia 5,950,000 118 Bandung
37%
30.24997398 120.1700187 China 8,300,000 161 Hangzhou
37%
55.74994204 49.12634477 Russia 1,220,000 292 Kazan
37%
4.060409769 9.709991006 Cameroon 2,825,000 605 Douala
36%
32.70000531 51.7000378 Iran 2,750,000 330 Isfahan
36%
26.85503908 80.91499874 India 3,325,000 415 Lucknow
36%
-32.95112954 -60.66630762 Argentina 1,340,000 278 Rosario
36%
54.78997479 56.04003129 Russia 1,120,000 348 Ufa
36%
10.95998863 -74.79996688 Colombia 2,000,000 344 Barranquilla
35%
5.413613156 100.3293679 Malaysia 1,550,000 275 George Town
35%
-7.93333 -14.41667 United Kingdom 538 1,296 Georgetown
35%
36.27001996 59.5699967 Iran 3,075,000 737 Mashhad
35%
36.34500246 43.14500443 Iraq 1,470,000 340 Mosul
35%
21.19998374 72.84003943 India 5,700,000 204 Surat
35%
38.92283839 121.6298308 China 4,500,000 334 Dalian
34%
3.579973978 98.65004024 Indonesia 3,425,000 342 Medan
34%
20.96663881 -89.61663355 Mexico 1,070,000 627 Mérida
34%
28.09973 -15.41343 Spain 381,847 619 Las Palmas de Gran Canaria
33%
21.96998842 96.08502885 Burma 1,400,000 443 Mandalay
33%
57.99995974 56.24999263 Russia 1,100,000 290 Perm
33%
53.19500755 50.15129512 Russia 1,320,000 527 Samara
33%
41.80497927 123.4499735 China 7,650,000 560 Shenyang
33%
64.5401 40.5433 Russia 356,051 729 Arkhangel'sk
32%
7.380026264 3.929982054 Nigeria 3,150,000 119 Ibadan
32%
52.29778 104.29639 Russia 586,695 522 Irkutsk
32%
36.08997927 120.3300089 China 5,700,000 436 Qingdao
32%
1.3278 172.97696 Kiribati 40,311 1,871 Tarawa
32%
31.69037701 -106.4900481 Mexico 1,440,000 562 Ciudad Juárez
31%
4.810002257 7.010000772 Nigeria 2,075,000 310 Port Harcourt
31%
62.03389 129.73306 Russia 235,600 1,353 Yakutsk
31%
7.110016906 125.6299955 Philippines 1,340,000 402 Davao
30%
25.06998008 102.6799751 China 3,950,000 630 Kunming
30%
-5.780023174 -35.24000431 Brazil 1,370,000 256 Natal
30%
-11.6800248 27.48001745 Democratic Republic of the Congo 1,870,000 422 Lubumbashi
29%
-23.69748 133.88362 Australia 25,186 1,284 Alice Springs
28%
-37.06757 -12.31155 United Kingdom 271 2,429 Edinburgh of the Seven Seas
28%
31.40998069 73.10999711 Pakistan 3,950,000 118 Faisalabad
28%
-8.650028871 115.2199849 Indonesia 1,500,000 313 Denpasar
27%
22.81998822 108.3200443 China 3,200,000 514 Nanning
27%
-2.515984681 -44.26599085 Brazil 1,410,000 483 São Luís
27%
28.19996991 112.969993 China 4,450,000 292 Changsha
26%
26.07999595 119.3000459 China 3,925,000 218 Fuzhou
26%
56.01398277 92.86600053 Russia 1,090,000 634 Krasnoyarsk
26%
-5.139958884 119.4320275 Indonesia 1,780,000 775 Makassar
26%
64.18347 -51.72157 Denmark 14,798 1,437 Nuuk
26%
29.62996014 52.57001054 Iran 1,710,000 350 Shiraz
26%
-19.26639 146.8057 Australia 196,219 1,087 Townsville
26%
34.75499615 113.6650927 China 4,675,000 441 Zhengzhou
26%
30.43998822 -9.620043581 Morocco 1,090,000 398 Agadir
25%
31.85003135 117.2800142 China 4,550,000 143 Hefei
25%
21.16995974 79.08999385 India 3,025,000 422 Nagpur
25%
33.59997622 73.04002722 Pakistan 3,850,000 242 Rawalpindi
25%
26.42819175 50.09967037 Saudi Arabia 2,375,000 387 Dammam
24%
38.08629152 46.30124589 Iran 1,620,000 400 Tabriz
24%
38.28710614 141.0217175 Japan 1,490,000 310 Sendai
23%
23.37000633 116.6700256 China 7,950,000 186 Shantou
23%
28.0199809 120.6500927 China 5,900,000 251 Wenzhou
23%
26.20717165 127.6729716 Japan 1,190,000 626 Naha
22%
53.04444 158.65076 Russia 187,282 1,512 Petropavlovsk-Kamchatsky
22%
-22.27631 166.4572 France 93,060 1,457 Noumea
21%
22.63330711 120.2666019 Taiwan 2,800,000 297 Kaohsiung
20%
51.57998985 46.0299963 Russia 1,090,000 333 Saratov
20%
51.72998069 39.26999548 Russia 1,040,000 286 Voronezh
20%
-3.74912 -73.25383 Peru 437,620 702 Iquitos
19%
43.86500856 125.3399873 China 3,700,000 233 Changchun
18%
22.71505922 75.86502274 India 2,775,000 338 Indore
18%
36.05602785 103.7920003 China 2,850,000 505 Lanzhou
18%
20.05000226 110.3200256 China 1,800,000 370 Haikou
17%
36.67498232 116.9950187 China 3,950,000 273 Jinan
17%
-6.150026429 23.59999589 Democratic Republic of the Congo 1,860,000 745 Mbuji-Mayi
17%
29.87997072 121.5500378 China 3,350,000 139 Ningbo
17%
30.22000165 67.02499385 Pakistan 1,180,000 426 Quetta
17%
-23.65236 -70.3954 Chile 309,832 521 Antofagasta
16%
-2.53371 140.71813 Indonesia 134,895 1,046 Jayapura
16%
69.3535 88.2027 Russia 140,800 1,082 Noril'sk
16%
-20.32399331 -40.36599634 Brazil 1,790,000 373 Vitória
16%
31.57999615 120.2999849 China 3,275,000 115 Wuxi
16%
-2.980039043 104.7500297 Indonesia 1,690,000 421 Palembang
15%
-53.15483 -70.91129 Chile 117,430 847 Punta Arenas
15%
7.1300932 -73.12588302 Colombia 1,130,000 286 Bucaramanga
14%
26.29176597 73.01677283 India 1,320,000 286 Jodhpur
14%
0.51528 25.19099 Democratic Republic of the Congo 539,158 606 Kisangani
14%
38.05001467 114.4799784 China 3,850,000 171 Shijiazhuang
14%
37.87501243 112.5450577 China 4,200,000 360 Taiyuan
14%
25.57005292 -103.4200029 Mexico 1,300,000 310 Torreón
14%
-20.44278 -54.64639 Brazil 729,151 619 Campo Grande
13%
-17.55 -149.6 France 29,851 2,409 Faaa
13%
15.21233 145.7545 MP 48,220 2,039 Saipan
13%
-26.82414 -65.2226 Argentina 781,023 517 San Miguel de Tucuman
13%
26.58004295 106.7200386 China 2,875,000 331 Guiyang
12%
28.67999229 115.8799963 China 3,675,000 262 Nanchang
12%
-8.76194 -63.90389 Brazil 306,180 759 Porto Velho
12%
32.38167 -64.67806 United Kingdom 1,896 1,083 Saint George's
12%
-5.095000388 -42.7800092 Brazil 1,010,000 329 Teresina
12%
8.35122 -62.64102 Venezuela 746,535 522 Ciudad Guayana
11%
-15.59611 -56.09667 Brazil 521,934 557 Cuiaba
11%
1.55 110.33333 Malaysia 570,407 702 Kuching
11%
-6.966617412 110.4200195 Indonesia 2,050,000 259 Semarang
11%
-15.93872 -5.71675 United Kingdom 637 1,917 Jamestown
10%
5.9749 116.0724 Malaysia 457,326 671 Kota Kinabalu
10%
34.28001223 117.1800203 China 2,550,000 266 Xuzhou
10%
-3.69543 128.1814 Indonesia 355,596 682 Ambon
9%
40.65220725 109.8220198 China 2,150,000 387 Baotou
9%
-27.11124 -109.35053 Chile 4,000 3,530 Hanga Roa
9%
-1.24204 116.89419 Indonesia 700,000 514 Balikpapan
8%
-49.35 70.21667 France 45 3,345 Port-aux-Francais
8%
-20.31215 118.61059 Australia 15,044 1,021 Port Hedland
8%
-21.20778 -159.775 CK 13,373 1,139 Avarua
7%
20.27042808 85.82736039 India 1,730,000 357 Bhubaneswar
7%
-54.28111 -36.5092 United Kingdom 2 1,455 Grytviken
7%
26.16001691 91.76999508 India 1,060,000 302 Guwahati
7%
49.83333 73.1658 Kazakhstan 451,800 574 Karagandy
7%
-77.846 166.676 United States 1,258 3,482 McMurdo Station
7%
0.564964212 101.425013 Indonesia 1,180,000 282 Pekanbaru
7%
61.25 73.41667 Russia 300,367 640 Surgut
7%
1.48218 124.84892 Indonesia 451,893 513 Manado
6%
-0.74018 -90.3138 Ecuador 8,996 1,054 Puerto Ayora
6%
38.46797365 106.2730375 China 1,530,000 346 Yinchuan
6%
64.73424 177.5103 Russia 10,332 1,492 Anadyr
5%
32.01999514 112.1300443 China 1,560,000 258 Xiangyang
5%
-9.8 -139.03333 France 1,762 1,401 Atuona
4%
15.35997845 75.12501623 India 1,050,000 372 Hubli
4%
-23.12028 -134.96917 France 1,103 1,536 Rikitea
4%
26.86879 100.22072 China 1,137,600 316 Lijiang
3%
17.73001467 83.30498205 India 1,980,000 433 Vishakhapatnam
3%
2.01643 -157.48773 Kiribati 1,881 1,895 Tabwakea Village
2%
7.45154 151.8468 FM 13,856 1,016 Weno Town
1%
No matching quizzes found
Score Distribution
Percent of People with Each Score
Percentile by Number Answered
Your Score History
You have not taken this quiz